| 000 | 00344nam a2200133Ia 4500 | ||
|---|---|---|---|
| 005 | 20251222152045.0 | ||
| 008 | 251222s9999||||xx |||||||||||||| ||spa|| | ||
| 020 | _a9684269382 | ||
| 082 | _a636.008.5/A46 | ||
| 100 | _aAlujo, Aline S. | ||
| 245 | 0 | _aTécnicas de necropsia en animales domésticos | |
| 264 | _bEl Manual Moderno | ||
| 942 | _cLIB | ||
| 999 |
_c26211 _d26211 |
||